000 00800nmc a2200301 a 4500
003 AR-BaBNM
005 20251128205845.0
008 298019s1988 ||||||||||||||000 | spa||
020 _a950-9113-43-3
040 _cAR-BaBNM
100 1 _aBourdieu, Pierre
_d1930-2002
245 1 0 _aCosas dichas
250 _a1ª ed.
260 _aBuenos Aires
_bGedisa
_c1988
300 0 _a199 p.
490 0 _aEl mamífero parlante
500 0 _aContiene índice analítico en p. 193
650 4 _aFILOSOFIA CONTEMPORANEA
650 4 _aSOCIOLOGIA CULTURAL
650 4 _aCIENCIAS SOCIALES
650 4 _aINTELECTUALES
650 4 _aIDEOLOGIAS
650 4 _aSOCIOLOGIA POLITICA
700 1 _aMizraji, Margarita
_etraductor
800 1 _aVerón, Eliseo
_edirector
942 _cBK
998 _cMARTIN
999 _c13046
_d13046